[Event "B Challenge"]
[Site "http://www.queenalice.com/game.php?id=969499"]
[Date "2011.8.6"]
[Round "-"]
[White "sylviamm"]
[Black "Satori"]
[Result "0-1"]
[WhiteElo "1236"]
[BlackElo "1552"]

1. Nf3 Nc6 2. g3 e5 3. d3 d5 4. Bg2 Nf6 5. O-O Bg4 6. c3 Bxf3 7. Bxf3 Qd6 8. d4
e4 9. Bg2 O-O-O 10. Bf4 Qe6 11. e3 Bd6 12. Nd2 Bxf4 13. exf4 Rhe8 14. Re1 Na5
15. Qa4 b6 16. Nb3 Qc6 17. Nc5 Qxa4 18. Nxa4 Re7 19. f3 Rde8 20. Bh3+ Kb7 21.
Kf1 e3 22. Rxe3 Rxe3 23. Re1 Rxf3+ 0-1

[Event "W Challenge"]
[Site "http://www.queenalice.com/game.php?id=969500"]
[Date "2011.8.6"]
[Round "-"]
[White "Satori"]
[Black "sylviamm"]
[Result "1-0"]
[WhiteElo "1557"]
[BlackElo "1236"]

1. e4 Nf6 2. e5 Ne4 3. Qe2 d5 4. d4 c6 5. f3 Ng5 6. Bxg5 f6 7. exf6 h6 8. fxg7
Bxg7 9. Be3 Qa5+ 10. c3 Qc7 11. g3 b6 12. Nd2 Ba6 13. Bf4 Qc8 14. c4 Bxd4 15.
Be5 Bc5 16. Bxb8 Rxb8 17. Qe5 Rf8 18. Bh3 Qd8 19. Qh5+ Rf7 20. Be6 Qd6 21. Qxf7+
Kd8 22. Qf4 Kc7 23. Qxd6+ Kxd6 24. cxd5 cxd5 25. Bh3 1-0

[Event "AUTO-INT-2110"]
[Site "http://www.queenalice.com/game.php?id=970362"]
[Date "2011.8.9"]
[Round "1"]
[White "talisman77"]
[Black "Satori"]
[Result "1-0"]
[WhiteElo "1648"]
[BlackElo "1501"]

1. d4 d5 2. c4 h6 3. Nc3 dxc4 4. e3 Be6 5. Nf3 Nf6 6. Be2 Bd5 7. O-O Ne4 8. Nxe4
Bxe4 9. Bxc4 Bd5 10. Bxd5 Qxd5 11. Qd3 Nd7 12. a4 O-O-O 13. a5 Nc5 14. Qb5 a6
15. Qxc5 Qxc5 16. dxc5 e6 17. Ne5 Bxc5 18. Nxf7 Rhf8 19. Nxd8 Rxd8 20. b3 g5 21.
Bb2 Kb8 22. Be5 Bb4 23. Rfc1 Rd7 24. Bc3 Bxc3 25. Rxc3 c6 26. h3 Kc7 27. b4 1-0

[Event "AUTO-INT-2110"]
[Site "http://www.queenalice.com/game.php?id=970363"]
[Date "2011.8.9"]
[Round "1"]
[White "Satori"]
[Black "talisman77"]
[Result "0-1"]
[WhiteElo "1548"]
[BlackElo "1636"]

1. e4 c5 2. c4 d6 3. Nc3 Nf6 4. d3 Nc6 5. Nd5 Nxd5 6. exd5 Nd4 7. Nf3 Bg4 8. Be2
e5 9. Nxd4 Bxe2 10. Nxe2 Be7 11. O-O O-O 12. Re1 Bh4 13. g3 Bf6 14. Nc3 a6 15.
Be3 Bg5 16. Ne4 Bxe3 17. Rxe3 Qd7 18. b3 Qe7 19. Qd2 b5 20. cxb5 axb5 21. b4 c4
22. dxc4 bxc4 23. Rc1 Rfc8 24. Kg2 Rc7 25. Rec3 Rac8 26. Qe2 f5 27. Nd2 Qg5 0-1

[Event "AUTO-INT-2110"]
[Site "http://www.queenalice.com/game.php?id=970376"]
[Date "2011.8.9"]
[Round "1"]
[White "Satori"]
[Black "J_Ricardo"]
[Result "0-1"]
[WhiteElo "1536"]
[BlackElo "1479"]

1. e4 e5 2. Nf3 d6 3. d4 Qe7 4. d5 c6 5. Bd3 cxd5 6. Bb5+ Nd7 7. Bxd7+ Bxd7 8.
exd5 Nf6 9. Bg5 Bg4 10. O-O h6 11. Bxf6 Qxf6 12. Nc3 a5 0-1

[Event "AUTO-INT-2110"]
[Site "http://www.queenalice.com/game.php?id=970377"]
[Date "2011.8.9"]
[Round "1"]
[White "J_Ricardo"]
[Black "Satori"]
[Result "1-0"]
[WhiteElo "1497"]
[BlackElo "1518"]

1. e4 e5 2. Nf3 d6 3. Bc4 Bg4 4. h3 Bxf3 5. Qxf3 f6 6. Nc3 Nd7 7. d3 Qe7 8. Nd5
Qd8 9. a3 c6 10. Ne3 Qe7 11. Nf5 Qd8 12. O-O 1-0

[Event "AUTO-INT-2110"]
[Site "http://www.queenalice.com/game.php?id=970378"]
[Date "2011.8.9"]
[Round "1"]
[White "Satori"]
[Black "carlitomontana93270"]
[Result "0-1"]
[WhiteElo "1597"]
[BlackElo "1624"]

1. e4 e5 2. Nf3 d6 3. d4 exd4 4. Qxd4 Nc6 5. Bb5 Bd7 6. Bxc6 Bxc6 7. O-O Nf6 8.
Bg5 Be7 9. Bxf6 Bxf6 10. e5 dxe5 11. Qxd8+ Rxd8 12. Nbd2 e4 13. Rfe1 O-O 14.
Nxe4 Bxb2 15. Rab1 Bxe4 16. Rxe4 f5 17. Rb4 Ba3 18. Rxb7 Bd6 19. Rxa7 Rb8 20.
Rab7 Ra8 21. R7b2 c5 22. Rd1 Rfd8 23. h3 Ra6 24. Ng5 Rda8 25. Ra1 Be5 26. Rab1
Bxb2 27. Rxb2 Rxa2 28. Rxa2 Rxa2 29. c4 Ra4 30. Ne6 Rxc4 31. g3 Rc1+ 32. Kg2 c4
33. Nf4 c3 34. Ne2 Rc2 35. Nd4 Rd2 36. Nb3 Rb2 37. Nc1 c2 38. Nd3 Rb1 39. h4
c1=Q 40. Nxc1 Rxc1 41. h5 g6 42. hxg6 hxg6 43. Kf3 Kf7 44. Kf4 Kf6 45. Kf3 g5
46. Ke3 Ke5 47. f4+ gxf4+ 48. gxf4+ Kf6 49. Kf3 Re1 50. Kf2 Re8 51. Kf3 Kg6 52.
Kg3 Kh5 53. Kh3 Re3+ 54. Kg2 Kg4 0-1

[Event "AUTO-INT-2110"]
[Site "http://www.queenalice.com/game.php?id=970379"]
[Date "2011.8.9"]
[Round "1"]
[White "carlitomontana93270"]
[Black "Satori"]
[Result "1/2-1/2"]
[WhiteElo "1639"]
[BlackElo "1563"]

1. c4 c5 2. e3 d5 3. cxd5 Qxd5 4. Nc3 Qd8 5. Nf3 Bg4 6. Be2 Bxf3 7. Bxf3 Qd7 8.
Qb3 Nc6 9. O-O e6 10. Bxc6 Qxc6 11. d4 c4 12. Qc2 Bb4 13. Bd2 Ne7 14. Ne2 Bxd2
15. Qxd2 O-O 16. Rac1 b5 17. b3 Rab8 18. bxc4 bxc4 19. Rc3 Rb6 20. Rfc1 Rb4 21.
a3 Ra4 22. Qa2 Rb8 23. Rxc4 Rxc4 24. Rxc4 Qb5 25. Qc2 Qb1+ 26. Qxb1 Rxb1+ 27.
Rc1 Rxc1+ 28. Nxc1 Nd5 29. Nb3 Nb6 30. a4 Nxa4 31. Kf1 f5 32. Ke2 Kf7 33. Kd3
Kf6 34. Kc4 Nb6+ 35. Kb5 Nd5 36. Ka6 e5 37. dxe5+ Kxe5 38. Kxa7 f4 39. exf4+
Kxf4 40. Kb7 g5 41. Kc6 Nf6 42. Kd6 h5 43. Ke6 Ne4 44. Kf7 Nxf2 45. Kg6 h4 46.
Nc5 h3 47. g3+ Kg4 48. Nd7 Kf3 49. Ne5+ Kg2 50. Nc4 Kxh2 51. Ne3 Kxg3 52. Nf1+
Kg2 53. Ne3+ Kf3 54. Nf1 Nh1 55. Kxg5 Kf2 56. Kh4 Kg2 57. Ne3+ Kf2 1/2-1/2

[Event "On request"]
[Site "http://www.queenalice.com/game.php?id=970747"]
[Date "2011.8.10"]
[Round "-"]
[White "oldfool"]
[Black "Satori"]
[Result "1-0"]
[WhiteElo "1490"]
[BlackElo "1569"]

1. d4 d5 2. e3 Nf6 3. Bd3 e6 4. h3 Bd6 5. Qf3 Nbd7 6. Ne2 Qe7 7. O-O e5 8. Qg3
g6 9. Qh4 e4 10. Bb5 c6 11. Ba4 Nb6 12. Nbc3 Ng4 13. Qxe7+ Bxe7 14. hxg4 Bxg4
15. Nf4 Bd6 16. Nfxd5 Nxa4 17. Nf6+ Ke7 18. Nxg4 Nxc3 19. bxc3 Rac8 20. c4 c5
21. d5 f5 22. Nh2 Bxh2+ 23. Kxh2 Kd6 24. f4 b6 25. Bd2 Rc7 26. Be1 h5 27. g3
Rch7 28. Bc3 h4 29. Bxh8 Rxh8 30. Kh3 hxg3+ 31. Kxg3 a5 32. Rab1 Kc7 33. Rfd1
Rd8 34. Kh4 Rd6 35. Kg5 Kb7 36. a4 Ka6 37. Rh1 1-0

[Event "AUTO-ADV-2245"]
[Site "http://www.queenalice.com/game.php?id=972194"]
[Date "2011.8.13"]
[Round "1"]
[White "Satori"]
[Black "cecel"]
[Result "0-1"]
[WhiteElo "1480"]
[BlackElo "1514"]

1. e4 e5 2. Nf3 Qe7 3. d4 d6 4. d5 a6 5. Bd3 h6 6. O-O g5 7. g3 Bh3 8. Re1 Qf6
9. Be2 Ne7 10. Be3 Bg7 11. Bf1 Bxf1 12. Rxf1 Nd7 13. Re1 g4 14. Nfd2 h5 15. Nc3
O-O 0-1

[Event "AUTO-ADV-2245"]
[Site "http://www.queenalice.com/game.php?id=972195"]
[Date "2011.8.13"]
[Round "1"]
[White "cecel"]
[Black "Satori"]
[Result "1-0"]
[WhiteElo "1658"]
[BlackElo "1541"]

1. e4 e5 2. Nf3 Nf6 3. Bc4 Nc6 4. Nc3 Bb4 5. Nd5 Nxd5 6. Bxd5 Qf6 7. O-O Bc5 8.
d3 Nd4 9. Bg5 Qg6 10. Nxe5 Qxg5 11. Nxf7 Qf6 12. Nxh8 1-0

[Event "AUTO-ADV-2245"]
[Site "http://www.queenalice.com/game.php?id=972196"]
[Date "2011.8.13"]
[Round "1"]
[White "Satori"]
[Black "KingHermano"]
[Result "0-1"]
[WhiteElo "1556"]
[BlackElo "1906"]

1. e4 e5 2. Nf3 Qf6 3. d3 h6 4. Be3 Nc6 5. c3 b6 6. Be2 Bb7 7. O-O O-O-O 8. a3
d5 9. Nbd2 d4 10. cxd4 exd4 11. Bxd4 Nxd4 12. Qa4 Nxe2+ 0-1

[Event "AUTO-ADV-2245"]
[Site "http://www.queenalice.com/game.php?id=972197"]
[Date "2011.8.13"]
[Round "1"]
[White "KingHermano"]
[Black "Satori"]
[Result "1-0"]
[WhiteElo "1908"]
[BlackElo "1554"]

1. e4 e5 2. Nf3 Nf6 3. Bc4 Nc6 4. d3 d5 5. exd5 Nxd5 6. Qe2 Nf4 7. Bxf4 Be6 8.
Nxe5 Nd4 9. Qd2 Bxc4 10. Nxc4 Be7 11. c3 Ne6 12. d4 Nxf4 13. Qxf4 1-0

[Event "AUTO-ADV-2245"]
[Site "http://www.queenalice.com/game.php?id=972198"]
[Date "2011.8.13"]
[Round "1"]
[White "Satori"]
[Black "carlospianista"]
[Result "0-1"]
[WhiteElo "1550"]
[BlackElo "2153"]

1. e4 c6 2. d4 d5 3. Nc3 dxe4 4. Nxe4 Bf5 5. Qd3 Nf6 6. Nxf6+ exf6 7. Qxf5 Qxd4
8. Qd3 Qe5+ 9. Qe3 Qxe3+ 10. Bxe3 Be7 11. O-O-O O-O 12. Bd3 b5 13. Ne2 b4 14. b3
a5 15. Bc4 a4 16. bxa4 Rxa4 17. Bb3 Ra3 18. Bd2 Na6 19. Nd4 c5 20. Nf5 Bd8 21.
Rhe1 Nc7 22. Ne7+ Kh8 23. Nc6 h6 24. Nxd8 Rxd8 25. Bf4 Rxd1+ 26. Rxd1 Ne6 27.
Bd6 Ra6 28. Bc4 Ra5 29. Kb2 Ng5 30. Bf4 Ne4 31. Rd8+ Kh7 32. Bd3 f5 33. Bxe4
fxe4 34. Rd5 Kg6 35. Bc7 Rb5 36. h4 Kf6 37. g4 Ke6 38. Rd2 f6 39. h5 Rb7 40. Bh2
Rb6 41. Bd6 Rxd6 0-1

[Event "AUTO-ADV-2245"]
[Site "http://www.queenalice.com/game.php?id=972199"]
[Date "2011.8.13"]
[Round "1"]
[White "carlospianista"]
[Black "Satori"]
[Result "1-0"]
[WhiteElo "2010"]
[BlackElo "1553"]

1. d4 d5 2. c4 Be6 3. Nc3 dxc4 4. d5 Bf5 5. e4 Bd7 6. Bxc4 e6 7. dxe6 Bxe6 8.
Qxd8+ Kxd8 9. Bxe6 fxe6 10. Nf3 Bb4 11. Ne5 Bxc3+ 12. bxc3 Nd7 13. Nf7+ Ke7 14.
Nxh8 Ngf6 15. Ba3+ c5 16. Ng6+ hxg6 17. f3 g5 18. Kf2 b6 19. h4 g4 20. Bc1 gxf3
21. gxf3 Ne5 22. Bg5 Rf8 23. f4 Nd3+ 24. Ke3 c4 25. e5 1-0

[Event "AUTO-ADV-2246"]
[Site "http://www.queenalice.com/game.php?id=972615"]
[Date "2011.8.14"]
[Round "1"]
[White "paco78"]
[Black "Satori"]
[Result "1-0"]
[WhiteElo "1813"]
[BlackElo "1553"]

1. d4 d5 2. Nc3 h6 3. Bf4 Nc6 4. Nb5 e6 5. Nxc7+ Ke7 6. Nxa8 Bd7 7. Nc7 Qb8 8.
Nxd5+ exd5 9. Bxb8 Nxb8 10. Nf3 Nf6 11. e3 Nc6 12. a3 Ke8 13. Bb5 Bd6 14. O-O
Ke7 15. Bxc6 Bxc6 16. b4 Bb5 17. Re1 Ne4 18. Qc1 Rc8 19. Nd2 Kf8 20. Nxe4 dxe4
21. a4 Bc4 22. c3 a6 23. Qc2 1-0

[Event "AUTO-ADV-2246"]
[Site "http://www.queenalice.com/game.php?id=972616"]
[Date "2011.8.14"]
[Round "1"]
[White "Satori"]
[Black "paco78"]
[Result "0-1"]
[WhiteElo "1562"]
[BlackElo "1807"]

1. e4 e5 2. Nf3 Nf6 3. d3 Nc6 4. Be3 Ng4 5. h3 Nxe3 6. fxe3 Bc5 7. d4 exd4 8.
exd4 Be7 9. Nc3 Bb4 10. Qd2 O-O 11. O-O-O d6 12. d5 Na5 13. a3 Bxc3 14. Qxc3 b6
15. Nd4 Bb7 16. Nc6 Bxc6 17. Bc4 Bd7 18. Rd3 Qg5+ 19. Qd2 Qxd2+ 20. Rxd2 Nxc4
21. Rd3 Rfe8 22. Rc3 Rxe4 23. Rd1 Rae8 0-1

[Event "AUTO-ADV-2246"]
[Site "http://www.queenalice.com/game.php?id=972629"]
[Date "2011.8.14"]
[Round "1"]
[White "Satori"]
[Black "william_1987br"]
[Result "0-1"]
[WhiteElo "1491"]
[BlackElo "1614"]

1. e4 e5 2. Nf3 Nc6 3. d4 Bd6 4. d5 Nce7 5. Be2 Nf6 6. Bd3 c5 7. dxc6 bxc6 8. c4
Bc5 9. O-O d5 10. Nxe5 dxe4 11. Bc2 Bd6 12. Bf4 O-O 0-1

[Event "AUTO-ADV-2246"]
[Site "http://www.queenalice.com/game.php?id=972630"]
[Date "2011.8.14"]
[Round "1"]
[White "william_1987br"]
[Black "Satori"]
[Result "0-1"]
[WhiteElo "1618"]
[BlackElo "1530"]

1. e4 e5 2. Nf3 Nf6 3. Bd3 a6 4. Nxe5 Qe7 5. f4 d6 6. Nc4 Nc6 7. g4 Nxg4 8. Nc3
Nd4 9. h3 Qh4+ 10. Kf1 Qf2# 0-1

[Event "AUTO-ADV-2246"]
[Site "http://www.queenalice.com/game.php?id=972631"]
[Date "2011.8.14"]
[Round "1"]
[White "Satori"]
[Black "maurice91"]
[Result "0-1"]
[WhiteElo "1614"]
[BlackElo "1839"]

1. e4 c6 2. d4 d5 3. e5 Bf5 4. Bd3 Bxd3 5. Qxd3 e6 6. Nf3 c5 7. dxc5 Bxc5 8. Be3
b6 9. Bxc5 bxc5 10. Qb5+ Nd7 11. Nc3 Rb8 12. Qa4 Rxb2 13. Qxa7 Rxc2 14. Qa3 d4
15. Qb3 Rxc3 0-1

[Event "AUTO-ADV-2246"]
[Site "http://www.queenalice.com/game.php?id=972632"]
[Date "2011.8.14"]
[Round "1"]
[White "maurice91"]
[Black "Satori"]
[Result "1/2-1/2"]
[WhiteElo "1804"]
[BlackElo "1532"]

1. d4 d5 2. c4 Nc6 3. Nf3 Bg4 4. e3 e5 5. Be2 Bxf3 6. Bxf3 e4 7. Be2 Nf6 8. Nc3
Bb4 9. Bd2 Bxc3 10. Bxc3 Qd7 11. O-O O-O-O 12. c5 Kb8 13. b4 Ne7 14. a4 c6 15.
b5 cxb5 16. Bxb5 Nc6 17. a5 a6 18. Be2 Qc7 19. Qb3 Kc8 20. Rfb1 Rd7 21. Rb2 Re8
22. h3 Ree7 23. g4 g5 24. Bd2 h6 1/2-1/2

[Event "Welcome"]
[Site "http://www.queenalice.com/game.php?id=974014"]
[Date "2011.8.18"]
[Round "-"]
[White "Satori"]
[Black "Popeye"]
[Result "1/2-1/2"]
[WhiteElo "1551"]
[BlackElo "1655"]

1. e4 e5 2. Nf3 d6 3. d4 exd4 4. Nxd4 Nf6 5. Bg5 Be7 6. Bxf6 Bxf6 7. c3 Bd7 8.
Bd3 Bxd4 9. cxd4 Nc6 10. Bb5 a6 11. Bxc6 Bxc6 12. d5 Bb5 13. Nc3 Qd7 14. a4 Bc4
15. b3 Bxb3 16. Qxb3 O-O-O 17. Rb1 b6 18. a5 b5 19. O-O Rhe8 20. f3 1/2-1/2

[Event "Home"]
[Site "http://www.queenalice.com/game.php?id=974015"]
[Date "2011.8.18"]
[Round "-"]
[White "Popeye"]
[Black "Satori"]
[Result "1/2-1/2"]
[WhiteElo "1655"]
[BlackElo "1546"]

1. d4 d5 2. Nc3 Nc6 3. Nf3 Bg4 4. e3 Bxf3 5. Qxf3 Qd7 6. Bb5 a6 7. Bxc6 Qxc6 8.
a3 Qf6 9. Qxf6 Nxf6 10. h3 Ne4 11. Nxe4 dxe4 12. c3 O-O-O 13. O-O e5 14. Rd1 Be7
15. b4 Bf6 16. Bb2 exd4 17. cxd4 Rd7 18. Rd2 Rhd8 19. Rad1 Kb8 1/2-1/2